| 000 | 01014cam a2200289 a 4500 | ||
|---|---|---|---|
| 008 | |||
| 020 | _a0471967637 (hbk.) | ||
| 049 | 1 | _aMAIN | |
| 090 | _aQD131 BER | ||
| 100 | 1 | _aBerger, Stefan. | |
| 240 | 1 | 0 |
_aNMR-spektroskopie von Nichtmetallen. _lEnglish |
| 245 | 1 | 0 |
_aNMR spectroscopy of the non-metallic elements / _cStefan Berger, Siegmar Braun, Hans-Otto Kalinowski ; translated by Jack Becconsall. |
| 260 |
_aNew York : _bJohn Wiley & Sons, _c1997. |
||
| 300 |
_axvi, 1082 p. : _bill. ; _c24 cm. |
||
| 504 | _aIncludes bibliographical references: p. 983-1016. | ||
| 500 | _aIncludes index. | ||
| 650 | 0 |
_aNonmetals _xAnalysis. |
|
| 650 | 0 | _aNuclear magnetic resonance spectroscopy. | |
| 650 | 7 |
_aEspectroscopia ressonancia magnetica nuclear _2larpcal |
|
| 700 | 1 | _aBraun, Siegmar. | |
| 700 | 1 | _aKalinowski, Hans-Otto. | |
| 907 |
_a.b10057146 _b24-04-07 _c17-04-03 |
||
| 003 | |||
| 005 | 20230123133232.0 | ||
| 040 | _cNUST | ||
| 942 |
_cBOOKS _kQD131 BER |
||
| 999 |
_c145103 _d145103 |
||